000 00296nam a22001337a 4500
008 181005b xxu||||| |||| 00| 0 eng d
020 _a0899708595
041 _aeng
080 _a610
100 _a3
101 _aSHM
245 _aCode Ethics Medical Ethics
_cHoudec.f.g
942 _2udc
_cBK
999 _c48905
_d48905